Reexamen de Hegel

Salvato in:
Dettagli Bibliografici
Autore principale: Findlay, John Niemeyer (Autore)
Natura: Libro
Lingua:spagnolo
Pubblicazione: Barcelona Grijaldo 1969
Soggetti:
Tags: Aggiungi Tag
Nessun Tag, puoi essere il primo ad aggiungerne!!

MARC

LEADER 00000nam a2200000 a 4500
001 UCZ4680
003 CL-VaPUC
008 951110e19690000SP |||||||||||||||||spa|d
082 0 4 |a 141  |b FIN  |2 21 
100 0 |a Findlay, John Niemeyer  |e author  |9 348695 
245 1 0 |a Reexamen de Hegel 
300 |a 376 p 
942 |c BK 
945 |d 19951110 00:00:00  |a lriquelm 
260 |a Barcelona  |b Grijaldo  |c 1969 
650 0 |a Idealismo  |9 265685 
650 0 |a Escuelas filosóficas   |9 266232 
650 0 |a Filosofía alemana   |9 265002 
650 0 |a Lógica  |9 256849 
650 0 |a Fenomenología  |9 256519 
650 0 |a Filosofía del espíritu  |9 320175 
650 0 |a Conciencia  |9 309452 
650 0 |a Razón   |9 314475 
650 0 |a Lógica  |9 256849 
583 |a last modification  |c 19951110 00:00:00  |k Rodrigo Vera 
999 |c 241047  |d 241045 
952 |0 0  |1 0  |4 0  |6 141_000000000000000_FIN_1969  |7 0  |8 P  |9 253195  |a BIBEDU  |b BIBEDU  |c BIBEDU_PB  |d 2019-11-19  |i 159723K  |o 141 FIN 1969  |p 159723K  |r 2024-01-25  |w 2019-11-19  |y BK  |k FIL